Những vấn đề cơ bản của luật trách nhiệm bồi thường của nhà nước năm 2009
Nôi dung sách đề cập các quy định một cách đồng bộ, chặt chẽ về quyền yêu cầu và thủ tục giải quyết yêu cầu bồi thường thiệt hại do cán, công chức gây ra trong thi hành công vụ. Đồng thời ban hành Luật trách nhiệm của đội ngũ cán bộ,...
Đã lưu trong:
| 主要作者: | |
|---|---|
| 格式: | 圖書 |
| 語言: | Undetermined |
| 出版: |
Hà Nội
Tư Pháp
2009
|
| 主題: | |
| 標簽: |
添加標簽
沒有標簽, 成為第一個標記此記錄!
|
| Thư viện lưu trữ: | Trung tâm Học liệu Trường Đại học Cần Thơ |
|---|
| LEADER | 01340nam a2200229Ia 4500 | ||
|---|---|---|---|
| 001 | CTU_157487 | ||
| 008 | 210402s9999 xx 000 0 und d | ||
| 020 | |c 23000 | ||
| 082 | |a 342.597041 | ||
| 082 | |b T556 | ||
| 100 | |a Đinh, Trung Tụng | ||
| 245 | 0 | |a Những vấn đề cơ bản của luật trách nhiệm bồi thường của nhà nước năm 2009 | |
| 245 | 0 | |c Đinh Trung Tụng ( chủ biên ) | |
| 260 | |a Hà Nội | ||
| 260 | |b Tư Pháp | ||
| 260 | |c 2009 | ||
| 520 | |a Nôi dung sách đề cập các quy định một cách đồng bộ, chặt chẽ về quyền yêu cầu và thủ tục giải quyết yêu cầu bồi thường thiệt hại do cán, công chức gây ra trong thi hành công vụ. Đồng thời ban hành Luật trách nhiệm của đội ngũ cán bộ, công chức trong thực thi công vụ thông qua việc xác định rõ việc phát sinh trách nhiệm bồi thường của Nhà nước. | ||
| 650 | |a Compensation for judicial error,Bồi thường trách nhiệm | ||
| 650 | |x Law and legislation,Luật và pháp chế | ||
| 650 | |z Vietnam,Việt Nam | ||
| 904 | |i H.Loan,QHieu | ||
| 980 | |a Trung tâm Học liệu Trường Đại học Cần Thơ | ||